Statistics for Harvard Undergraduate Subjects

Click here to take the quiz!

General Stats

  • This quiz has been taken 80 times
  • The average score is 28 of 49

Answer Stats

HintField of Study% Correct
SciencesChemical and Physical Biology
94%
SciencesChemistry and Physics
94%
Arts & HumanitiesHistory and Literature
94%
Social SciencesHistory and Science
92%
SciencesHuman Developmental and Regenerative Biology
90%
SciencesHuman Evolutionary Biology
90%
SciencesIntegrative Biology
90%
SciencesMolecular and Cellular Biology
90%
Social SciencesHistory
84%
SciencesPhysics
84%
Engineering & Applied SciencesEngineering Sciences
82%
SciencesChemistry
81%
Arts & HumanitiesHistory of Art and Architecture
74%
Arts & HumanitiesRomance Languages and Literatures
74%
Engineering & Applied SciencesApplied Mathematics
73%
SciencesMathematics
73%
Arts & HumanitiesEnglish
71%
Arts & HumanitiesSlavic Languages and Literatures
71%
Arts & HumanitiesArt, Film, and Visual Studies
69%
Social SciencesEconomics
68%
Arts & HumanitiesLinguistics
61%
Arts & HumanitiesNear Eastern Languages and Civilizations
61%
Arts & HumanitiesGermanic Languages and Literatures
56%
Social SciencesPsychology
56%
Engineering & Applied SciencesComputer Science
55%
Social SciencesSociology
55%
Arts & HumanitiesComparative Literature
53%
Engineering & Applied SciencesBiomedical Engineering
52%
Arts & HumanitiesPhilosophy
50%
Arts & HumanitiesMusic
48%
Social SciencesAfrican and African American Studies
47%
Social SciencesAnthropology
45%
Engineering & Applied SciencesMechanical Engineering
45%
Social SciencesGovernment
44%
Arts & HumanitiesTheater, Dance, and Media
42%
Social SciencesSocial Studies
37%
Social SciencesWomen, Gender, and Sexuality, Studies of
35%
Social SciencesEast Asian Studies
34%
Arts & HumanitiesSouth Asian Studies
34%
SciencesEnvironmental Science and Public Policy
32%
Arts & HumanitiesClassics
31%
Social SciencesReligion, Comparative Study of
29%
Engineering & Applied SciencesElectrical Engineering
27%
Engineering & Applied SciencesEnvironmental Science and Engineering
26%
SciencesStatistics
26%
SciencesEarth and Planetary Sciences
24%
SciencesAstrophysics
23%
SciencesNeuroscience
19%
Arts & HumanitiesFolklore and Mythology
11%

Score Distribution

Percentile by Number Answered

Percent of People with Each Score

Your Score History

You have not taken this quiz